[Event "NZL-ch op 132nd"]
[Site "Wellington"]
[Date "2025.01.10"]
[Round "9"]
[White "Wang, Aaron Ziwen"]
[Black "Preeyansh, Roul"]
[Result "1-0"]
[WhiteElo "1801"]
[BlackElo "1739"]
[PlyCount "123"]
[EventDate "2025.01.02"]
[EventType "swiss"]
[EventRounds "9"]
[EventCountry "NZL"]
[SourceTitle "CB03_2025"]
[SourceDate "2025.01.15"]
[SourceVersion "1"]
[SourceVersionDate "2025.01.15"]
[SourceQuality "1"]

1. c4 Nf6 2. Nf3 e6 3. g3 b6 4. Bg2 Bb7 5. 0-0 Be7 6. Nc3 0-0 7. d3 d5 8. Bf4 a6 9. Nd2 Nbd7 10. cxd5 Nxd5 11. Nxd5 Bxd5 12. Rc1 Rc8 13. Nc4 Bxg2 14. Kxg2 h6 15. Kg1 Bf6 16. d4 g5 17. Be3 b5 18. Na5 Nb6 19. Rc6 Qd5 20. b3 Qe4 21. Qd2 Be7 22. f3 Qf5 23. Bf2 Qf6 24. Qc1 Bb4 25. Nb7 Qe7 26. Nc5 a5 27. a3 Bxc5 28. Rxc5 Qd7 29. e4 a4 30. bxa4 Nxa4 31. Rc6 Nb6 32. Qc5 Nc4 33. Qxb5 Nd2 34. Rd1 Rb8 35. Qc5 Nxf3+ 36. Kg2 Ne5 37. Rxc7 Qa4 38. Rf1 Nd3 39. Qe7 Rb2 40. Qf6 Nxf2 41. Rxf2 Qxa3 42. Qxh6 Rxf2+ 43. Kxf2 Qb2+ 44. Kf3 Qxd4 45. Qxg5+ Qg7 46. Kf4 Rb8 47. h4 Qxg5+ 48. Kxg5 Kg7 49. Rc5 Rb4 50. e5 Re4 51. g4 Re1 52. h5 Re2 53. h6+ Kh7 54. Rc7 Rxe5+ 55. Kf6 Re1 56. Rxf7+ Kxh6 57. g5+ Kh5 58. Rh7+ Kg4 59. g6 Rf1+ 60. Ke7 Ra1 61. g7 Ra7+ 62. Kf6 1-0